|
|
|
|
| LEADER |
01387nam a2200361Ia 4500 |
| 001 |
EBC660562 |
| 003 |
MiAaPQ |
| 005 |
20200520144314.0 |
| 006 |
m o d | |
| 007 |
cr cn||||||||| |
| 008 |
101126s2011 dcu sb i001 0 eng d |
| 010 |
|
|
|z 2010047700
|
| 020 |
|
|
|z 9780821382394
|
| 020 |
|
|
|a 9780821385500 (electronic bk.)
|
| 035 |
|
|
|a (MiAaPQ)EBC660562
|
| 035 |
|
|
|a (Au-PeEL)EBL660562
|
| 035 |
|
|
|a (CaPaEBR)ebr10448631
|
| 035 |
|
|
|a (CaONFJC)MIL306594
|
| 035 |
|
|
|a (OCoLC)714645981
|
| 040 |
|
|
|a MiAaPQ
|c MiAaPQ
|d MiAaPQ
|
| 050 |
|
4 |
|a HB3817.5
|b .Y5 2011
|
| 100 |
1 |
|
|a Yi, Kyu-song,
|d 1939-
|
| 245 |
1 |
4 |
|a The Korean financial crisis of 1997
|h [electronic resource] :
|b onset, turnaround, and thereafter /
|c Kyu-Sung Lee.
|
| 260 |
|
|
|a Washington, D.C. :
|b World Bank,
|c 2011.
|
| 300 |
|
|
|a xx, 449 p.
|
| 504 |
|
|
|a Includes bibliographical references and index.
|
| 533 |
|
|
|a Electronic reproduction. Ann Arbor, MI : ProQuest, 2015. Available via World Wide Web. Access may be limited to ProQuest affiliated libraries.
|
| 650 |
|
0 |
|a Financial crises
|z Korea (South)
|x History
|y 20th century.
|
| 651 |
|
0 |
|a Korea (South)
|x Economic policy
|y 1988-
|
| 651 |
|
0 |
|a Korea (South)
|x Economic conditions
|y 1988-
|
| 655 |
|
4 |
|a Electronic books.
|
| 710 |
2 |
|
|a ProQuest (Firm)
|
| 856 |
4 |
0 |
|u https://ebookcentral.proquest.com/lib/matrademy/detail.action?docID=660562
|z Click to View
|